| 000 | 01725nam a22004697a 4500 | ||
|---|---|---|---|
| 001 | 000095386 | ||
| 003 | CHAP | ||
| 005 | 20220329143107.0 | ||
| 008 | 060313s2005 mx r 00110 spa d | ||
| 010 | _a91852 | ||
| 011 | _a92824 | ||
| 035 | _a103390 | ||
| 040 | _cCHAP | ||
| 090 | _aTesis | ||
| 100 | 0 | 0 |
_aGalindo Dorantes, Noé. _944289 |
| 245 | 1 | 0 |
_aAcidos grasos y colesterol en canales de corderos alimentados con diferentes niveles de manganeso en la dieta / _c/por Noé Galindo Dorantes. |
| 260 |
_aChapingo, Méx. : _bEl autor, _c2005. |
||
| 300 |
_a59 h. : _bcuadros. |
||
| 502 | _aTesis (M.C. en Producción Animal) - - UACH. Departamento de Zootecnia | ||
| 590 |
_aALEPH _b10 _c20130110 _lUCH01 _h1510 |
||
| 590 |
_aBATCH-UPD _b10 _c20130110 _lUCH01 _h0343 |
||
| 590 |
_aBATCH-UPD _b10 _c20130110 _lUCH01 _h1829 |
||
| 590 |
_aBATCH-UPD _b10 _c20130410 _lUCH01 _h0016 |
||
| 590 |
_aBATCH-UPD _b10 _c20130410 _lUCH01 _h1533 |
||
| 590 |
_aBATCH-UPD _b10 _c20130914 _lUCH01 _h0848 |
||
| 590 |
_aBATCH-UPD _b10 _c20140324 _lUCH01 _h1455 |
||
| 590 |
_aBATCH-UPD _b10 _c20141002 _lUCH01 _h0829 |
||
| 590 |
_aCONVERSION _b10 _c20130109 _lUCH01 _h1351 |
||
| 590 |
_aE12093SGE _b10 _c20130603 _lUCH01 _h1053 |
||
| 650 | 1 | 4 |
_aCarne _xConsumo. _919067 |
| 650 | 1 | 4 |
_aColesterol. _925130 |
| 650 | 1 | 4 |
_aGanado lanar _xAlimentación. _945153 |
| 650 | 1 | 4 |
_aLípidos _xMetabolismo. _967488 |
| 650 | 1 | 4 |
_aManganeso en nutrición animal. _970385 |
| 856 |
_3Finding aid _uhttp://10.13.5.2/tesis/103390.pdf _zTeclea aquí |
||
| 901 | _aBK | ||
| 905 | _aElisama A. H. | ||
| 942 | _cCD | ||
| 942 | _n0 | ||
| 949 |
_aTesis _bBC _cTES _d00000000103390 _eTS1 _h44835 _i103390 _sb |
||
| 949 |
_aTesis _bBC _cTES _d33724000969523 _eTS2 _fc.2 _h44836 _i103390 _si |
||
| 999 |
_c91852 _d91852 |
||